| 000 | 00370nam a2200145Ia 4500 | ||
|---|---|---|---|
| 008 | 210210b1967 xxu||||| |||| 00| 0 eng d | ||
| 082 | _a305.23 VOIT | ||
| 100 | _aVOICE OF AMERICA forum lectures. | ||
| 245 | _aTeen-ager's world. | ||
| 260 |
_aMadras. _b _c1967 |
||
| 300 | _avi,284 | ||
| 650 | _aTeenagers Young Youth | ||
| 690 | _aSocial Structure | ||
| 906 | _a030007 | ||
| 999 |
_c81204 _d81204 |
||